Konkurenční strategie. Metody pro analýzu odvětví a kokurentů /

Salvato in:
Dettagli Bibliografici
Autore principale: Porter, Michael E (Autore)
Natura: Libro
Lingua:ceco
Pubblicazione: Praha : Victoria Publishing, a.s, 1994
Tags: Aggiungi Tag
Nessun Tag, puoi essere il primo ad aggiungerne!!

MARC

LEADER 00000nam a22000003a 4500
001 stu32308
005 20150617225732.0
008 950516s1994----cs------------------cze-d
020 |a 80-85605-11-2 
040 |a STU  |b slo 
041 0 |a cze 
044 |a cs 
080 |a 658.5 
100 1 |a Porter, Michael E  |4 aut 
245 1 |a Konkurenční strategie. Metody pro analýzu odvětví a kokurentů /  |c [aut.] Porter,Michael E 
260 |a Praha :  |b Victoria Publishing, a.s,  |c 1994 
300 |a 403 s 
996 |b 284J044695  |c J*91280  |l JJSK  |s A  |a 24  |w stu32308_0001